00509 a2200157 4500010001400000020002300014035001300037037001500050082001300065100001800078245007900096250001200175260004800187270009100235300002500326 aENG-87954 a8183182461c390.00 aEN-71487 bDBAD / PUB14a332.10681 aDesai, Vasant1 aBanks and institutional management :ba new orientation /cby Vasant Desai aIst ed. aNew DelhibHimalaya Publishing Housec2006 aPooja Apartments, 4-B, Murari Lal Street, Ansari Road, Darya GanjbNew Delhie110 002 a713 p.c24 cm (pbk)